00806nam a22002297a 450000500170000001000130001702000230003003500130005303700160006604000120008208200160009410000200011024502250013025000180035526000370037327000520041030000300046265000360049265000150052870000160054370000170055920170124110019.0 aA-935640 c130.00a8173700474 aA-935640 bCen Lib/Ret aDPLbEN a336.24bCHA aCahndra, Mahesh aIncome tax law and practice :cby Mahesh Chandra, S.P. Goyal [and] D.C. Shuklabincorporating the provisions of the finance act, 1997 and the income-tax act as amended upto date; for B.Com .(Hons), C.A. Inter ans C.S. /  a20th rev. ed  aDelhibPragati Publicationc1978 a9926, Library Road, Azad Market bDelhie110006 ax,582p. :c21cm(Hb)bill. aIncome tax--Law and legislation aIncome tax aGoyal, S.P. aShukla, D.C.